| 000 | 00625nam a2200181Ia 4500 | ||
|---|---|---|---|
| 008 | 151202s9999||||xx |||||||||||||| ||und|| | ||
| 082 | _bPNVM-84046 | ||
| 100 | _aडॉ.ओक चारूशीला. | ||
| 245 | _aहे जीवन सुंदर झाले. | ||
| 260 | _bपायल पब्लिकेशन. | ||
| 260 | _c2014 | ||
| 300 | _a304 | ||
| 600 | _aडॉ.ओक चारूशीला. | ||
| 630 | _aहे जीवन सुंदर झाले. | ||
| 700 | _aडॉ.ओक चारूशीला. | ||
| 730 | _aहे जीवन सुंदर झाले. | ||
| 942 | _cBOOK | ||
| 999 |
_c1348902 _d1348899 |
||